[Event "SVK-ch U16"]
[White "Repcek, Tomas"]
[Black "Manak, Adrian"]
[Site "Liptovsky Mikulas"]
[Round "8"]
[Result "0-1"]
[Date "2007.04.26"]
[WhiteElo "1384"]
[BlackElo "1350"]
[PlyCount "36"]
[EventDate "2007.04.22"]
[EventType "swiss"]
[EventRounds "9"]
[EventCountry "SVK"]
[SourceTitle "EXT 2008"]
[Source "ChessBase"]
[SourceDate "2007.11.25"]
[SourceVersion "1"]
[SourceVersionDate "2007.11.25"]
[SourceQuality "1"]

1. e4 e6 2. Nf3 c5 3. Nc3 Nc6 4. d4 cxd4 5. Nxd4 a6 6. Bc4 Nge7 7. Nxc6 Nxc6 8. 0-0 Bc5 9. Qg4 Qf6 10. Bg5 Qg6 11. h4 h6 12. h5 Qxg5 13. Qf3 Nd4 14. Qd1 b5 15. Bd3 0-0 16. a3 Bb7 17. Qc1 Nf3+ 18. Kh1 Qh4# 0-1

[Event "SVK-ch U16"]
[White "Hybl, Jakub"]
[Black "Repcek, Tomas"]
[Site "Liptovsky Mikulas"]
[Round "5"]
[Result "1-0"]
[Date "2007.04.24"]
[WhiteElo "1350"]
[BlackElo "1384"]
[PlyCount "37"]
[EventDate "2007.04.22"]
[EventType "swiss"]
[EventRounds "9"]
[EventCountry "SVK"]
[SourceTitle "EXT 2008"]
[Source "ChessBase"]
[SourceDate "2007.11.25"]
[SourceVersion "1"]
[SourceVersionDate "2007.11.25"]
[SourceQuality "1"]

1. e4 e5 2. Nf3 Nc6 3. d4 exd4 4. Nxd4 Qf6 5. Nxc6 Qxc6 6. e5 d6 7. Nc3 dxe5 8. Bb5 Bd7 9. Bxc6 Bxc6 10. 0-0 Nf6 11. Re1 Bd6 12. Bg5 Nd7 13. Bh4 0-0 14. Ne4 Bb4 15. c3 Ba5 16. Bg3 Rad8 17. Qc2 f5 18. Ng5 f4 19. Qxh7# 1-0